000
00234nam a22001097a 4500
082
_a
621.38195SCO
100
_a
Scott
245
_a
Electronic computer technology
260
_a
London
_b
McGraw Hill
_c
1970
300
_a
618
942
_c
BK
999
_c
12946
_d
12946